UBT Library

Reframing : (Record no. 43938)

000 -LEADER
fixed length control field 00729cam a2200229 a 4500
001 - CONTROL NUMBER
control field 1860785
005 - DATE AND TIME OF LATEST TRANSACTION
control field 20180302034726.0
008 - FIXED-LENGTH DATA ELEMENTS--GENERAL INFORMATION
fixed length control field 820827s1982 utu b 001 0 eng
010 ## - LIBRARY OF CONGRESS CONTROL NUMBER
LC control number 82016609
020 ## - INTERNATIONAL STANDARD BOOK NUMBER
International Standard Book Number 0911226249 :
Terms of availability $9.00
020 ## - INTERNATIONAL STANDARD BOOK NUMBER
International Standard Book Number 0911226257 (pbk.) :
Terms of availability $5.50
040 ## - CATALOGING SOURCE
Original cataloging agency DLC
Transcribing agency DLC
Modifying agency DLC
041 ## - LANGUAGE CODE
Language code of text/sound track or separate title eng
080 ## - UNIVERSAL DECIMAL CLASSIFICATION NUMBER
Universal Decimal Classification number 616.8914
082 00 - DEWEY DECIMAL CLASSIFICATION NUMBER
Classification number 616.8914 BAN
Edition number 19
100 1# - Rafti
Rafti 7
101 ## - Shkurtesa
Shkurtesa NEU
245 10 - TITLE STATEMENT
Title Reframing :
Statement of responsibility, etc by Richard Bandler and John Grinder ; edited by Steve Andreas and Connirae Andreas.
504 ## - BIBLIOGRAPHY, ETC. NOTE
Bibliography, etc Bibliography: p. 206.
906 ## - LOCAL DATA ELEMENT F, LDF (RLIN)
a 7
b cbc
c orignew
d 1
e ocip
f 19
g y-gencatlg
942 ## - ADDED ENTRY ELEMENTS (KOHA)
Source of classification or shelving scheme
Item type Books
Holdings
Withdrawn status Lost status Source of classification or shelving scheme Damaged status Not for loan Collection code Permanent location Current location Shelving location Date acquired Total Checkouts Full call number Barcode Date last seen Price effective from Koha item type
          Koleksioni i përgjithshem UBT - Lipjan UBT - Lipjan Koleksioni i përgjithshem 03/02/2018   616.8914 BAN 002-3000774 03/02/2018 03/02/2018 Books
UBT Library © 2015-2024. All rights reserved University Education for Business and Technology